[Event "LLHH 2324 SK Weisse Dame - SK Marmstorf"]
[Site "?"]
[Date "2023.11.19"]
[Round "2.8"]
[White "Purniel Umpierre, Christian"]
[Black "Koenig, Friedrich Theodor"]
[Result "1/2-1/2"]
[WhiteElo "1990"]
[BlackElo "1954"]
[PlyCount "178"]
[EventDate "2023.??.??"]

1. c4 e5 2. g3 Nc6 3. Bg2 f5 4. Nc3 Nf6 5. e3 g6 6. Nge2 Bg7 7. O-O O-O 8. d4 d6 9. Rb1 a5 10. a3 e4 11. b4 axb4 12. axb4 g5 13. Qb3 Ne7 14. f3 exf3 15. Bxf3 Ng6 16. e4 fxe4 17. Nxe4 Nxe4 18. Bxe4 Rxf1+ 19. Kxf1 Qe7 20. Qe3 Bh3+ 21. Kg1 Re8 22. Bd5+ Kh8 23. Qxe7 Rxe7 24. Kf2 Bg4 25. Bf3 Rf7 26. Rb3 h6 27. Re3 Bd7 28. Kg2 b6 29. b5 Re7 30. Bh5 Rxe3 31. Bxe3 Ne7 32. Bf3 Nf5 33. Bf2 Be6 34. d5 Bf7 35. g4 Ne7 36. Be4 Ng6 37. Bg3 Ne5 38. Bxe5 Bxe5 39. h3 Kg7 40. Kf3 Kf6 41. Bf5 Be8 42. Ke4 Bf7 43. Nc1 Bc3 44. Nd3 Be8 45. Nf2 Be1 46. Nd1 Bg3 47. Ne3 Bf2 48. Nc2 Bc5 49. Ne1 Bb4 50. Nd3 Bc3 51. Ke3 Kg7 52. Nf2 Bf7 53. Kd3 Be5 54. Ne4 Be8 55. Nd2 Kf6 56. Nf3 Bf7 57. Ke4 Bc3 58. Kd3 Be5 59. Ke4 Bc3 60. Ng1 Bb2 61. Ne2 Be5 62. Nc1 Bf4 63. Nd3 Bd2 64. Kd4 Kg7 65. Nf2 Bc1 66. Kc3 Bf4 67. Nd3 Bg3 68. Kd4 Kf6 69. Nb4 Ke7 70. Na6 Kd8 71. Ke4 Be5 72. Bh7 Bg7 73. Kf5 Kd7 74. Bg6 Bg8 75. Nb8+ Kd8 76. Bh5 Bh7+ 77. Bg6 Bg8 78. Nc6+ Kd7 79. Nb4 Ke7 80. Nc2 Be5 81. Ne1 Bc3 82. Nf3 Bf6 83. Nd2 Bc3 84. Ne4 Be5 85. Nd2 Bb2 86. Nf3 Bf6 87. Ke4 Kf8 88. Kf5 Kg7 89. Ne1 Be5 1/2-1/2

[Event "LLHH 2324 SC Königsspringer II - SK Joh"]
[Site "?"]
[Date "2023.12.03"]
[Round "3.1"]
[White "Wenzel, Birger"]
[Black "Wagner, Friedrich"]
[Result "1/2-1/2"]
[WhiteElo "2033"]
[BlackElo "2121"]
[PlyCount "67"]
[EventDate "2023.??.??"]

1. d4 d5 2. c4 c6 3. cxd5 cxd5 4. Bf4 Nc6 5. e3 Nf6 6. Nc3 a6 7. Bd3 Bg4 8. Nge2 e6 9. Rc1 Rc8 10. O-O Be7 11. a3 O-O 12. Na4 b5 13. Nc5 Bxc5 14. Rxc5 Nd7 15. Rc2 Qb6 16. Qd2 Bh5 17. Bg3 Bg6 18. Nf4 Na5 19. Nxg6 hxg6 20. Rxc8 Rxc8 21. Rc1 Rxc1+ 22. Qxc1 Nc6 23. h3 Qb7 24. Bd6 Nb6 25. h4 Qd7 26. Bf4 Nc4 27. b3 N4a5 28. Qb2 Qb7 29. Bb1 Qe7 30. Bg5 Qd6 31. Bf4 Qe7 32. Bg5 Qd6 33. Bf4 Qe7 34. Bg5 1/2-1/2

[Event "LLHH 2324 SC Königsspringer II - SK Joh"]
[Site "?"]
[Date "2023.12.03"]
[Round "3.2"]
[White "Harder, Clemens"]
[Black "Johannsen, Dennis"]
[Result "1-0"]
[WhiteElo "2145"]
[BlackElo "2072"]
[PlyCount "33"]
[EventDate "2023.??.??"]

1. d4 Nf6 2. c4 g6 3. Nc3 d5 4. Qb3 dxc4 5. Qxc4 Bg7 6. e4 a6 7. Nf3 O-O 8. Qb3 b5 9. e5 Nfd7 10. e6 Nb6 11. exf7+ Kh8 12. h4 Nc6 13. h5 gxh5 14. Rxh5 Nxd4 15. Nxd4 Qxd4 16. Qc2 Rxf7 17. Qxh7# 1-0

[Event "LLHH 2324 SC Königsspringer II - SK Joh"]
[Site "?"]
[Date "2023.12.03"]
[Round "3.3"]
[White "Keyser, Philipp"]
[Black "Hloskovsky, Andrei"]
[Result "0-1"]
[WhiteElo "2059"]
[BlackElo "2091"]
[PlyCount "124"]
[EventDate "2023.??.??"]

1. e4 Nc6 2. Nf3 e5 3. Bb5 a6 4. Ba4 f5 5. d3 Nf6 6. exf5 d6 7. O-O Be7 8. Bb3 Bxf5 9. Ng5 d5 10. f4 O-O 11. Nc3 Nd4 12. fxe5 Bg4 13. Qe1 Nxb3 14. axb3 Bc5+ 15. Kh1 Nh5 16. Rxf8+ Qxf8 17. Nxd5 Re8 18. Bd2 Qf5 19. Qe4 Rxe5 20. Qxf5 Rxf5 21. Nxc7 Bb6 22. Na8 Bd8 23. Ne4 Nf6 24. Nd6 Rf2 25. Bc3 b5 26. Re1 Bd7 27. Nb7 Bc6 28. Nxd8 Bxa8 29. Bxf6 gxf6 30. h3 Bxg2+ 31. Kg1 Rxc2 32. Re6 Bxh3 33. Rxf6 Rg2+ 34. Kh1 Rxb2 35. Rxa6 Rxb3 36. d4 Rb2 37. Ne6 Bg2+ 38. Kg1 b4 39. Nf4 Be4 40. Rb6 b3 41. Ne6 Rg2+ 42. Kf1 b2 43. Nc5 Rc2 44. Nxe4 Rc1+ 45. Ke2 b1=Q 46. Rxb1 Rxb1 47. Ke3 Kf7 48. Kf4 Rh1 49. d5 Ke7 50. Kg4 Rd1 51. d6+ Kf7 52. Kf5 Rd5+ 53. Kf4 Kg6 54. Kg4 h6 55. Kf4 h5 56. Kf3 Kf5 57. Ng3+ Kg5 58. Ne4+ Kg6 59. Kf4 h4 60. Kg4 Rd4 61. Kf4 h3 62. Kf3 Rxe4 0-1

[Event "LLHH 2324 SC Königsspringer II - SK Joh"]
[Site "?"]
[Date "2023.12.03"]
[Round "3.4"]
[White "Cremer, Jochen"]
[Black "Enxing, Simon"]
[Result "1-0"]
[WhiteElo "2074"]
[BlackElo "2142"]
[PlyCount "85"]
[EventDate "2023.??.??"]

1. c4 c5 2. g3 g6 3. Bg2 Bg7 4. Nc3 Nf6 5. a3 Nc6 6. Rb1 Qa5 7. d3 O-O 8. Bd2 d6 9. e3 Bg4 10. f3 Bf5 11. e4 Bd7 12. Nge2 Rab8 13. O-O Ne8 14. Kh1 Qd8 15. b4 Nc7 16. b5 Nd4 17. Nxd4 cxd4 18. Ne2 Ne6 19. a4 Nc5 20. Bb4 e5 21. f4 Bg4 22. fxe5 Bxe5 23. Bf3 Bh3 24. Bg2 Bxg2+ 25. Kxg2 h5 26. Nf4 h4 27. Bxc5 dxc5 28. Qg4 Bxf4 29. Rxf4 Qa5 30. Rf2 hxg3 31. Qxg3 Rbe8 32. Rbf1 Re6 33. Rf6 Rxf6 34. Rxf6 Qd2+ 35. Rf2 Qd1 36. a5 b6 37. axb6 axb6 38. Qf3 Qxf3+ 39. Kxf3 Ra8 40. e5 Re8 41. Ke4 Re6 42. Kd5 Kg7 43. h4 1-0

[Event "LLHH 2324 SC Königsspringer II - SK Joh"]
[Site "?"]
[Date "2023.12.03"]
[Round "3.5"]
[White "Dumjahn, Carsten"]
[Black "Moehrmann, Marcus"]
[Result "1-0"]
[WhiteElo "2002"]
[BlackElo "2009"]
[PlyCount "49"]
[EventDate "2023.??.??"]

1. d4 Nf6 2. Nf3 d6 3. g3 g6 4. Bg2 Bg7 5. O-O O-O 6. a4 Nbd7 7. a5 c5 8. Nc3 Rb8 9. e4 b5 10. e5 dxe5 11. dxe5 Ng4 12. e6 fxe6 13. Qe2 e5 14. Nxb5 a6 15. Nc3 e6 16. Qc4 Rb4 17. Qxe6+ Kh8 18. Ng5 Nh6 19. Rd1 Rf6 20. Qd5 Rd4 21. Rxd4 exd4 22. Nce4 Rf5 23. Qa8 Nf7 24. Bh3 Nxg5 25. Bxg5 1-0

[Event "LLHH 2324 SC Königsspringer II - SK Joh"]
[Site "?"]
[Date "2023.12.03"]
[Round "3.6"]
[White "Lohse, Marc"]
[Black "Seidel, Mika"]
[Result "1-0"]
[WhiteElo "1901"]
[BlackElo "1974"]
[PlyCount "149"]
[EventDate "2023.??.??"]

1. e4 c5 2. Nf3 e6 3. d3 g6 4. g3 Bg7 5. Bg2 Nc6 6. c3 d5 7. Nbd2 Nge7 8. O-O O-O 9. Re1 dxe4 10. dxe4 e5 11. a4 b6 12. Qc2 Ba6 13. Bf1 Bxf1 14. Nxf1 Qd7 15. Rd1 Qg4 16. Kg2 Rad8 17. Ne3 Qe6 18. Ng5 Qc8 19. Nd5 Nxd5 20. exd5 Na5 21. c4 h6 22. Nf3 f5 23. Bd2 Nb7 24. Bc3 Qc7 25. Ng1 Nd6 26. b3 Rde8 27. Ra2 e4 28. Ne2 g5 29. Bxg7 Qxg7 30. Nc3 Qf7 31. Rg1 f4 32. g4 f3+ 33. Kf1 e3 34. Qd3 e2+ 35. Ke1 Kg7 36. Rg3 Qf4 37. Rd2 Ne4 38. Nxe4 Rxe4 39. Qc3+ Rd4 40. Rd3 Kg8 41. Rdxf3 Re8 42. Re3 Rf8 43. Rxe2 Re4 44. Rge3 Rxe3 45. Qxe3 Qxh2 46. Qe6+ Kh7 47. Qe4+ Kg8 48. f3 Qh1+ 49. Kd2 Rf7 50. Qg6+ Kf8 51. Qd6+ Kg7 52. Qe5+ Kg8 53. Qe4 Kg7 54. d6 Qg1 55. Kc2 Qg3 56. Qe5+ Qxe5 57. Rxe5 Kf6 58. Rd5 Rd7 59. Kd3 Ke6 60. Ke4 a6 61. Re5+ Kxd6 62. Rd5+ Ke6 63. Rxd7 Kxd7 64. Kf5 Kc6 65. Kg6 b5 66. Kxh6 bxa4 67. bxa4 Kb6 68. Kxg5 Ka5 69. f4 Kb4 70. f5 Kxc4 71. f6 Kb3 72. f7 c4 73. f8=Q Kxa4 74. Kf4 c3 75. Qc8 1-0

[Event "LLHH 2324 SC Königsspringer II - SK Joh"]
[Site "?"]
[Date "2023.12.03"]
[Round "3.7"]
[White "Schmidt, Armin"]
[Black "Wolter, Michael"]
[Result "1/2-1/2"]
[WhiteElo "1958"]
[BlackElo "2149"]
[PlyCount "77"]
[EventDate "2023.??.??"]

1. d4 d5 2. Nf3 Nf6 3. c4 e6 4. Nc3 Be7 5. g3 c6 6. Bg2 Nbd7 7. O-O O-O 8. b3 b6 9. Bb2 Ba6 10. cxd5 cxd5 11. Re1 Rc8 12. a3 Bd6 13. e4 dxe4 14. Ng5 Be7 15. Ngxe4 Nxe4 16. Nxe4 Nf6 17. Qd2 Qd7 18. Nxf6+ Bxf6 19. Red1 Bb7 20. Bxb7 Qxb7 21. Rac1 Qd5 22. Qe3 Bg5 23. f4 Bf6 24. Rxc8 Rxc8 25. Qd3 h5 26. h4 b5 27. Rd2 a5 28. Kf2 a4 29. b4 Rc4 30. Qf3 Qf5 31. Qa8+ Kh7 32. Qb7 Rc2 33. Ke3 Rxd2 34. Kxd2 Qb1 35. Bc3 Qa2+ 36. Kd3 Qc4+ 37. Kd2 Qa2+ 38. Kd3 Qc4+ 39. Kd2 1/2-1/2

[Event "LLHH 2324 SC Königsspringer II - SK Joh"]
[Site "?"]
[Date "2023.12.03"]
[Round "3.8"]
[White "Schroeter, Baldur"]
[Black "Markovic, Daniel"]
[Result "1-0"]
[WhiteElo "2005"]
[BlackElo "1965"]
[PlyCount "67"]
[EventDate "2023.??.??"]

1. e4 c5 2. c3 d5 3. exd5 Qxd5 4. d4 Nc6 5. Nf3 Bg4 6. dxc5 Qxd1+ 7. Kxd1 e5 8. b4 Nf6 9. Kc2 a5 10. Bb5 Bxf3 11. gxf3 Be7 12. Bxc6+ bxc6 13. Bb2 Nd5 14. a3 Bh4 15. c4 Ne7 16. Bxe5 f6 17. Bc3 Bxf2 18. Nd2 Nf5 19. Ne4 Be3 20. Nd6+ Nxd6 21. cxd6 Kd7 22. c5 Rhe8 23. Rhe1 Bf2 24. Re4 f5 25. Rxe8 Rxe8 26. Bxg7 Be1 27. Kd3 Bh4 28. Bd4 Rb8 29. Kc4 Bg5 30. Rb1 Bf4 31. h3 Bd2 32. b5 cxb5+ 33. Rxb5 Ra8 34. Kd5 1-0

[Event "LLHH 2324 Hamburger SK IV - SK Union Eim"]
[Site "?"]
[Date "2023.12.03"]
[Round "3.1"]
[White "Schultz, Andreas"]
[Black "Fehling, Michael"]
[Result "1-0"]
[WhiteElo "2141"]
[BlackElo "2114"]
[PlyCount "113"]
[EventDate "2023.??.??"]

1. d4 Nf6 2. c4 e6 3. Nc3 c5 4. d5 exd5 5. cxd5 d6 6. e4 g6 7. Bd3 Bg7 8. Nge2 O-O 9. O-O a6 10. a4 Nbd7 11. h3 Qc7 12. f4 Rb8 13. Be3 Re8 14. Ng3 c4 15. Bc2 Nc5 16. Qf3 b5 17. axb5 axb5 18. e5 dxe5 19. f5 e4 20. Qf2 Nd3 21. Bxd3 exd3 22. Bf4 Qb6 23. Bxb8 Qxb8 24. fxg6 fxg6 25. Ra7 Rf8 26. Nce4 Nd7 27. Qe3 Rxf1+ 28. Nxf1 Bxb2 29. Nc3 Qb6 30. Nxb5 c3 31. Rc7 Ba6 32. Qxb6 Nxb6 33. Nxc3 Bxc3 34. Rxc3 Nxd5 35. Ra3 Bb7 36. Rxd3 Kf7 37. Nd2 Nf6 38. Nf3 Ke7 39. Re3+ Kd6 40. Ng5 Bd5 41. h4 Kd7 42. Ra3 Kd6 43. Nh3 Ke5 44. Nf2 h5 45. Rg3 Bf7 46. Nd3+ Kd6 47. Rg5 Nd5 48. Kf2 Ke6 49. Kf3 Kf6 50. Nf4 Nxf4 51. Kxf4 Be6 52. Ra5 Bf7 53. Ra6+ Be6 54. Rb6 Kf7 55. Kg5 Bf5 56. Rf6+ Kg7 57. Rxf5 1-0

[Event "LLHH 2324 Hamburger SK IV - SK Union Eim"]
[Site "?"]
[Date "2023.12.03"]
[Round "3.2"]
[White "Alegria, Oliver"]
[Black "Voigt, Gerrit"]
[Result "1/2-1/2"]
[WhiteElo "2149"]
[BlackElo "2184"]
[PlyCount "109"]
[EventDate "2023.??.??"]

1. e4 c5 2. c3 b6 3. d4 Bb7 4. Bd3 Nf6 5. Qe2 cxd4 6. cxd4 Nc6 7. d5 Nb4 8. Nc3 Nxd3+ 9. Qxd3 Qc8 10. e5 Ng4 11. Nf3 Ba6 12. Qe4 Qc4 13. Qxc4 Bxc4 14. h3 Nh6 15. g4 g6 16. Bf4 Bg7 17. O-O-O O-O 18. Nd4 Rac8 19. Kb1 Rc5 20. g5 Nf5 21. Nxf5 gxf5 22. Be3 Bxe5 23. Bxc5 bxc5 24. Kc2 d6 25. b3 Ba6 26. Rhe1 f4 27. Re4 Bc8 28. Ra4 Bxh3 29. Rxa7 Bf5+ 30. Kd2 f3 31. Re1 Bf4+ 32. Kd1 e6 33. Ne4 exd5 34. Nf6+ Kh8 35. Re8 Rxe8 36. Nxe8 Bg6 37. Ra8 Bxg5 38. Nxd6+ Kg7 39. Rc8 c4 40. bxc4 dxc4 41. Nxc4 h5 42. Ne5 Be4 43. Rc7 Bd5 44. Rc5 Bxa2 45. Nxf3 Bd8 46. Rxh5 Kg6 47. Rc5 Be6 48. Nd4 Bh3 49. Ke2 f6 50. Ke3 Bb6 51. Rb5 Ba7 52. Ra5 Bb6 53. Rb5 Ba7 54. Ra5 Bb6 55. Rb5 1/2-1/2

[Event "LLHH 2324 Hamburger SK IV - SK Union Eim"]
[Site "?"]
[Date "2023.12.03"]
[Round "3.3"]
[White "Franke, Lutz"]
[Black "Groetzbach, Daniel"]
[Result "0-1"]
[WhiteElo "2111"]
[BlackElo "2075"]
[PlyCount "48"]
[EventDate "2023.??.??"]

1. Nf3 c5 2. c4 g6 3. g3 Bg7 4. Bg2 Nc6 5. Nc3 e5 6. O-O Nge7 7. d3 d6 8. Rb1 O-O 9. a3 a5 10. Ne1 Be6 11. Nc2 d5 12. cxd5 Nxd5 13. Ne4 Qe7 14. Ng5 Rfd8 15. Nxe6 Qxe6 16. Bd2 b5 17. Ne3 Nxe3 18. Bxe3 c4 19. Qc2 Rac8 20. dxc4 bxc4 21. Bxc6 Qxc6 22. Rfd1 a4 23. Rxd8+ Rxd8 24. Rd1 Rxd1+ 0-1

[Event "LLHH 2324 Hamburger SK IV - SK Union Eim"]
[Site "?"]
[Date "2023.12.03"]
[Round "3.5"]
[White "Stelting, Thorsten"]
[Black "Schellhorn, Wolfgang"]
[Result "1/2-1/2"]
[WhiteElo "2173"]
[BlackElo "2078"]
[PlyCount "72"]
[EventDate "2023.??.??"]

1. e4 c5 2. Nf3 d6 3. c3 Nf6 4. Be2 g6 5. O-O Bg7 6. Re1 O-O 7. Bf1 Nc6 8. d4 cxd4 9. cxd4 Bg4 10. d5 Nb4 11. Na3 Nd7 12. h3 Bxf3 13. Qxf3 Rc8 14. Qe2 Ne5 15. Qb5 Qb6 16. Qxb6 axb6 17. Rd1 Nc2 18. Nxc2 Rxc2 19. Rb1 Rfc8 20. Be3 Nc4 21. Bxc4 R8xc4 22. Rdc1 h5 23. Rxc2 Rxc2 24. Bxb6 Bxb2 25. Be3 b5 26. a3 Kf8 27. Kf1 Ke8 28. Ke1 Bc3+ 29. Kd1 Rb2 30. Rxb2 Bxb2 31. Bc1 Bd4 32. f3 e6 33. Ke2 Bc5 34. Kd3 Kd7 35. Kc3 Kc7 36. Kb3 Kb6 1/2-1/2

[Event "LLHH 2324 Hamburger SK IV - SK Union Eim"]
[Site "?"]
[Date "2023.12.03"]
[Round "3.6"]
[White "Salenko, Vadim"]
[Black "Adloff, Ralf"]
[Result "1/2-1/2"]
[WhiteElo "1995"]
[BlackElo "2082"]
[PlyCount "101"]
[EventDate "2023.??.??"]

1. d4 d5 2. e3 Nf6 3. Bd3 c5 4. c3 Nc6 5. f4 Bg4 6. Nf3 e6 7. O-O Bd6 8. Qe1 Bf5 9. Qe2 O-O 10. Ne5 Bxd3 11. Qxd3 Ne4 12. Nd2 f5 13. Nxe4 fxe4 14. Qe2 Bxe5 15. dxe5 c4 16. b3 cxb3 17. axb3 Qb6 18. Ba3 Rf7 19. Rab1 Qa5 20. Bb2 Qb6 21. Ba1 a5 22. Kh1 Qa6 23. Rfe1 Qxe2 24. Rxe2 b5 25. g3 a4 26. c4 dxc4 27. bxc4 b4 28. Rd2 Rc7 29. Rd6 Kf7 30. f5 exf5 31. Rf1 g6 32. g4 Ne7 33. e6+ Ke8 34. Bf6 Rd8 35. Rb6 Rc6 36. Rxb4 Rxe6 37. Bxe7 Rxe7 38. gxf5 gxf5 39. Rxa4 Rd3 40. Rxf5 Rxe3 41. Kg2 Re2+ 42. Kg3 Rg7+ 43. Kh3 Rgg2 44. c5 Rxh2+ 45. Kg3 Reg2+ 46. Kf4 Rf2+ 47. Kg5 Rh5+ 48. Kxh5 Rxf5+ 49. Kg4 Rxc5 50. Rxe4+ Kf7 51. Rf4+ 1/2-1/2

[Event "LLHH 2324 Hamburger SK IV - SK Union Eim"]
[Site "?"]
[Date "2023.12.03"]
[Round "3.7"]
[White "Leonardi, Karlheinz"]
[Black "Atri, Jamshid"]
[Result "1-0"]
[WhiteElo "2095"]
[BlackElo "2011"]
[PlyCount "115"]
[EventDate "2023.??.??"]

1. c4 Nf6 2. g3 e6 3. Bg2 d5 4. Nf3 Be7 5. O-O O-O 6. d4 dxc4 7. Ne5 c5 8. dxc5 Qc7 9. Nxc4 Bxc5 10. Be3 Na6 11. Nc3 Rd8 12. Qb3 Bxe3 13. Nxe3 Nc5 14. Qc4 Rb8 15. b4 Na6 16. Qxc7 Nxc7 17. Rfd1 Bd7 18. Rac1 b6 19. Nc4 Ncd5 20. Nxd5 Nxd5 21. Bxd5 exd5 22. Ne5 Ba4 23. Nc6 Bxd1 24. Rxd1 Rbc8 25. Nxd8 Rxd8 26. Rd4 f5 27. Kg2 Kf7 28. Rd2 Ke6 29. Rc2 Kd6 30. Kf3 Re8 31. a3 g5 32. h4 gxh4 33. gxh4 Re4 34. Rc8 Rxh4 35. e3 Rc4 36. Ra8 Rc7 37. Kf4 Kc6 38. Rd8 Re7 39. f3 h6 40. a4 a6 41. Rf8 Re6 42. Rxf5 a5 43. bxa5 bxa5 44. e4 dxe4 45. fxe4 Kb6 46. Rb5+ Ka6 47. Rh5 Rc6 48. Kf5 Kb7 49. e5 Kc7 50. Rh4 Kd7 51. Rd4+ Ke7 52. Rd5 Ra6 53. Rb5 Kf7 54. Rb7+ Kg8 55. e6 h5 56. Rb8+ Kg7 57. e7 Rf6+ 58. Ke5 1-0

[Event "LLHH 2324 FC St. Pauli III - SK Weisse D"]
[Site "?"]
[Date "2023.12.03"]
[Round "3.1"]
[White "Popist, Florian"]
[Black "Thomaschke, Dirk"]
[Result "1-0"]
[WhiteElo "2184"]
[BlackElo "2153"]
[PlyCount "80"]
[EventDate "2023.??.??"]

1. e4 e5 2. Nf3 Nf6 3. Nxe5 d6 4. Nf3 Nxe4 5. Nc3 Nf6 6. d4 Be7 7. Bf4 O-O 8. Bd3 Re8 9. h3 b6 10. O-O Bb7 11. Re1 Nbd7 12. a4 a6 13. Nh2 Nf8 14. Bg3 h6 15. Nf3 Ne6 16. Ne4 Nxe4 17. Bxe4 Bxe4 18. Rxe4 Bf6 19. Qd3 d5 20. Re2 c5 21. c3 c4 22. Qf5 g6 23. Qc2 Ng5 24. Ne5 Ne4 25. Bh2 Bxe5 26. Bxe5 Qd7 27. Rae1 Kh7 28. Qc1 Qf5 29. f3 Ng5 30. Bf4 Rxe2 31. Rxe2 Ne6 32. Bxh6 b5 33. Re5 Qf6 34. axb5 axb5 35. Rxd5 Qh4 36. Be3 b4 37. cxb4 c3 38. bxc3 Ra2 39. Qf1 Qg3 40. Re5 Nf4 1-0

[Event "LLHH 2324 FC St. Pauli III - SK Weisse D"]
[Site "?"]
[Date "2023.12.03"]
[Round "3.2"]
[White "Kahlert, Thomas"]
[Black "Akca, Gani Eren"]
[Result "1-0"]
[WhiteElo "2110"]
[BlackElo "2163"]
[PlyCount "95"]
[EventDate "2023.??.??"]

1. d4 Nf6 2. Nf3 g6 3. g3 Bg7 4. Bg2 O-O 5. O-O d6 6. c4 Nc6 7. Nc3 e5 8. dxe5 dxe5 9. Bg5 Be6 10. Nd5 e4 11. Nd2 Bxd5 12. cxd5 Qxd5 13. Nxe4 Qf5 14. Bxf6 Bxf6 15. Qd5 Bxb2 16. Qxf5 gxf5 17. Rab1 Bd4 18. Nd2 Nd8 19. Bxb7 Nxb7 20. Rxb7 Bb6 21. Nc4 Rfd8 22. Rc1 Rab8 23. Rxb8 Rxb8 24. e3 Rd8 25. Kf1 Rd5 26. Ke2 Kf8 27. Rc2 Ke7 28. Nb2 Rb5 29. Nd3 Kd6 30. Rc4 Rb1 31. Kd2 Ra1 32. Nc1 Rb1 33. Kc2 Rb5 34. Nb3 Ke5 35. Kc3 Ba5+ 36. Kd3 Rd5+ 37. Ke2 Bb6 38. Rh4 a5 39. a4 Rd8 40. Rxh7 Ke6 41. Rh4 Rb8 42. Nd2 Bc5 43. Nc4 Bb4 44. Kd3 Be1 45. Rf4 Rb4 46. Nd2 Rxf4 47. gxf4 Bxf2 48. Nf3 1-0

[Event "LLHH 2324 FC St. Pauli III - SK Weisse D"]
[Site "?"]
[Date "2023.12.03"]
[Round "3.3"]
[White "Lansky, Georg"]
[Black "zur Lage, Julian"]
[Result "1-0"]
[WhiteElo "2062"]
[BlackElo "2119"]
[PlyCount "57"]
[EventDate "2023.??.??"]

1. e4 c5 2. Nf3 Nc6 3. d4 cxd4 4. Nxd4 Nf6 5. Nc3 e5 6. Ndb5 d6 7. Nd5 Nxd5 8. exd5 Nb8 9. a4 Be7 10. Be2 O-O 11. O-O f5 12. f4 a6 13. Na3 Nd7 14. Nc4 e4 15. Be3 b6 16. a5 b5 17. Nb6 Nxb6 18. axb6 Bb7 19. c4 bxc4 20. Bxc4 Bf6 21. Qe2 Qd7 22. Ra5 Rfb8 23. Bxa6 Qf7 24. Rfa1 Bxa6 25. Rxa6 Rxa6 26. Qxa6 Qxd5 27. Qa7 Rb7 28. Qa8+ Kf7 29. Qxb7+ 1-0

[Event "LLHH 2324 FC St. Pauli III - SK Weisse D"]
[Site "?"]
[Date "2023.12.03"]
[Round "3.4"]
[White "Wronn, Bernd"]
[Black "Mandelbaum, Peter-Rene"]
[Result "1-0"]
[WhiteElo "2149"]
[BlackElo "2104"]
[PlyCount "129"]
[EventDate "2023.??.??"]

1. d4 Nf6 2. c4 e6 3. Nf3 d5 4. g3 Be7 5. Bg2 O-O 6. O-O dxc4 7. Ne5 Nc6 8. Bxc6 bxc6 9. Nxc6 Qe8 10. Nxe7+ Qxe7 11. Qc2 e5 12. Rd1 exd4 13. Rxd4 Ba6 14. Bg5 h6 15. Bxf6 Qxf6 16. Rf4 Qe6 17. Na3 Rab8 18. Nxc4 Bxc4 19. Rxc4 Rxb2 20. Qxb2 Qxc4 21. Rc1 Qd5 22. Rxc7 a5 23. Qc2 Rb8 24. e4 Qd4 25. Rc8+ Rxc8 26. Qxc8+ Kh7 27. Qf5+ Kg8 28. Qxa5 Qxe4 29. Qd8+ Kh7 30. Qd1 f5 31. h4 f4 32. a4 fxg3 33. fxg3 Qe3+ 34. Kh2 Qf2+ 35. Kh3 Qf5+ 36. Kg2 Qe4+ 37. Kh2 Qb4 38. Qd3+ Kg8 39. Qd5+ Kh8 40. a5 Qb2+ 41. Kh3 Qa1 42. Qd8+ Kh7 43. Qd3+ g6 44. a6 Qh1+ 45. Kg4 h5+ 46. Kf4 Qc1+ 47. Kf3 Qh1+ 48. Ke2 Qg2+ 49. Kd1 Qg1+ 50. Kc2 Qc5+ 51. Kb3 Qb6+ 52. Kc3 Qa5+ 53. Kd4 Qb6+ 54. Ke4 Qc6+ 55. Ke3 Qe6+ 56. Kf2 Qa2+ 57. Qe2 Qf7+ 58. Kg2 Qd5+ 59. Kh2 Qf7 60. Qb2 Qf1 61. Qa2 Qf8 62. a7 Qa8 63. Qf7+ Kh6 64. Qf4+ Kh7 65. Qb8 1-0

[Event "LLHH 2324 FC St. Pauli III - SK Weisse D"]
[Site "?"]
[Date "2023.12.03"]
[Round "3.5"]
[White "Ludwig, Jan"]
[Black "Grote, Dirk"]
[Result "1/2-1/2"]
[WhiteElo "2039"]
[BlackElo "2040"]
[PlyCount "75"]
[EventDate "2023.??.??"]

1. e4 c6 2. d4 d5 3. Nd2 dxe4 4. Nxe4 Bf5 5. Ng3 Bg6 6. Bc4 e6 7. N1e2 Nf6 8. Nf4 Bd6 9. Bb3 Qc7 10. Qf3 Bxf4 11. Bxf4 Qa5+ 12. Bd2 Qb6 13. h4 h5 14. O-O-O Nbd7 15. c3 Qa6 16. Bg5 O-O-O 17. a3 Qb5 18. Bc2 Bxc2 19. Kxc2 Qd5 20. Qxd5 cxd5 21. Rhe1 Rde8 22. b3 Kc7 23. c4 dxc4 24. bxc4 Kc6 25. f3 Nb6 26. Kb3 Nbd7 27. Ne4 b6 28. Re2 Nxe4 29. fxe4 e5 30. d5+ Kd6 31. Be3 Rc8 32. Rc1 Rc7 33. Rcc2 Rhc8 34. a4 Rb8 35. Kc3 Rbc8 36. Kb3 Rb8 37. Kc3 Rbc8 38. Kb3 1/2-1/2

[Event "LLHH 2324 FC St. Pauli III - SK Weisse D"]
[Site "?"]
[Date "2023.12.03"]
[Round "3.6"]
[White "David, Torsten"]
[Black "Schiele, Lars"]
[Result "1-0"]
[WhiteElo "2032"]
[BlackElo "2051"]
[PlyCount "73"]
[EventDate "2023.??.??"]

1. e4 e5 2. f4 d5 3. exd5 exf4 4. Nf3 Nf6 5. Nc3 Bd6 6. Qe2+ Be7 7. d4 O-O 8. Bxf4 Re8 9. O-O-O Nbd7 10. Qf2 a6 11. Bd3 Nb6 12. Ne5 Bd7 13. h3 c6 14. dxc6 bxc6 15. g4 Rf8 16. Rdg1 Nfd5 17. Nxd5 Nxd5 18. Bd2 Qc8 19. Nxd7 Qxd7 20. Qf5 Qxf5 21. Bxf5 Ra7 22. c4 Nb6 23. b3 a5 24. a4 Rb8 25. Bf4 Rd8 26. Rd1 Rb7 27. Rhe1 Bf6 28. g5 Be7 29. Re3 Bb4 30. Kc2 Na8 31. h4 Nc7 32. Bg4 Re8 33. Bd7 Rxe3 34. Bxe3 Rb6 35. d5 c5 36. d6 Na8 37. Bc8 1-0

[Event "LLHH 2324 FC St. Pauli III - SK Weisse D"]
[Site "?"]
[Date "2023.12.03"]
[Round "3.7"]
[White "Kuhle, Sebastian"]
[Black "Knecht, Guntram"]
[Result "1-0"]
[WhiteElo "2031"]
[BlackElo "2050"]
[PlyCount "97"]
[EventDate "2023.??.??"]

1. c4 f5 2. g3 Nf6 3. Bg2 g6 4. Nc3 Bg7 5. d3 d6 6. e4 Nc6 7. Nge2 O-O 8. O-O e5 9. Nd5 h6 10. Rb1 a5 11. a3 g5 12. b4 axb4 13. axb4 f4 14. f3 fxg3 15. hxg3 Nd4 16. Nxf6+ Bxf6 17. Nxd4 exd4 18. f4 Qe8 19. Rb2 Ra1 20. Rbf2 gxf4 21. gxf4 Bh4 22. Rf3 Kh8 23. f5 Qh5 24. Qd2 Bg5 25. Qb2 Rxc1 26. Rxc1 Bxc1 27. Qxc1 Rg8 28. Qd2 Qg5 29. Qxg5 Rxg5 30. Kf2 Kg7 31. Rh3 Bd7 32. Rh1 Be8 33. Ra1 Kf6 34. Ra7 Rg7 35. Rxb7 Ba4 36. b5 Bc2 37. Bf1 Bd1 38. b6 cxb6 39. Rxb6 Ke5 40. Rb5+ Kf4 41. Rd5 Ra7 42. Rxd6 Ra2+ 43. Kg1 Ra1 44. Kh2 Bf3 45. Bg2 Bxg2 46. Kxg2 Ra2+ 47. Kh3 Ke3 48. e5 Kxd3 49. e6 1-0

[Event "LLHH 2324 FC St. Pauli III - SK Weisse D"]
[Site "?"]
[Date "2023.12.03"]
[Round "3.8"]
[White "Mueller, Frank"]
[Black "Purniel Umpierre, Christian"]
[Result "0-1"]
[WhiteElo "2065"]
[BlackElo "1990"]
[PlyCount "70"]
[EventDate "2023.??.??"]

1. d4 Nf6 2. c4 g6 3. Nc3 Bg7 4. e4 d6 5. f3 O-O 6. Be3 Nbd7 7. Qd2 c5 8. d5 Ne5 9. Bh6 a6 10. h4 Nh5 11. Bxg7 Kxg7 12. Bd3 Nxd3+ 13. Qxd3 Ng3 14. Rh2 b5 15. Nge2 Nxe2 16. Qxe2 Qa5 17. h5 h6 18. hxg6 fxg6 19. Kf2 g5 20. Rah1 Rh8 21. e5 Qd8 22. e6 Qf8 23. Ne4 Qf4 24. g3 Qe5 25. f4 Qd4+ 26. Ke1 Bb7 27. fxg5 h5 28. b3 bxc4 29. bxc4 Bxd5 30. cxd5 Rab8 31. Qc2 Rb4 32. Nd2 Rb2 33. Qd1 Rxa2 34. Re2 Ra1 35. Rg1 Qxg1+ 0-1

[Event "LLHH 2324 SK Marmstorf - SC Diogenes"]
[Site "?"]
[Date "2023.12.03"]
[Round "3.1"]
[White "Hochgraefe, Markus"]
[Black "Kuberczyk, Christoph"]
[Result "1/2-1/2"]
[WhiteElo "2360"]
[BlackElo "2270"]
[PlyCount "156"]
[EventDate "2023.??.??"]

1. Nf3 d5 2. d4 Nf6 3. Bf4 e6 4. e3 c5 5. c3 Nc6 6. Nbd2 Nh5 7. Bg5 f6 8. Bh4 cxd4 9. Nxd4 g6 10. Bb5 Bd7 11. Qa4 a6 12. Be2 Ng7 13. e4 e5 14. Nxc6 bxc6 15. Rd1 Be7 16. O-O O-O 17. f4 exf4 18. Bf2 Qc7 19. Rfe1 Kh8 20. Bf3 c5 21. Qa3 dxe4 22. Bxe4 Rab8 23. Nc4 Bb5 24. Qa5 Rfc8 25. Qxc7 Rxc7 26. Nd6 Ne8 27. Nxb5 axb5 28. Bf3 c4 29. g3 Bc5 30. Bxc5 Rxc5 31. gxf4 Rc7 32. Re6 f5 33. a3 Kg7 34. Kf2 Kf8 35. Bc6 Ng7 36. Rf6+ Ke7 37. Rfd6 Rb6 38. Rd7+ Rxd7 39. Rxd7+ Kf6 40. Bd5 Ne6 41. Bxe6 Kxe6 42. Rxh7 Kd5 43. Rd7+ Kc5 44. Rd2 Rb8 45. Kg3 Rh8 46. Re2 Rh6 47. Re6 Kd5 48. Rf6 Kc5 49. h3 Kd5 50. h4 Kc5 51. h5 Rxh5 52. Rxg6 Rh8 53. Rf6 Rh5 54. Re6 Kd5 55. Re5+ Kc6 56. a4 bxa4 57. Ra5 Kd6 58. Rxa4 Kd5 59. Ra8 Ke4 60. Rd8 Ke3 61. Rd4 Rh8 62. Rxc4 Rg8+ 63. Kh4 Rg4+ 64. Kh5 Rxf4 65. Rxf4 Kxf4 66. b4 Ke4 67. b5 f4 68. b6 f3 69. b7 f2 70. b8=Q f1=Q 71. Qb7+ Ke5 72. Qc7+ Kd5 73. Kg5 Qg2+ 74. Kf6 Qf2+ 75. Kg7 Qc5 76. Qd7+ Kc4 77. Qd4+ Qxd4+ 78. cxd4 Kxd4 1/2-1/2